Podpora zavedenia systémov manažérstva v podniku prostredníctvom informačného systému diplomová práca

Salvato in:
Dettagli Bibliografici
Autore principale: Kokoška, Peter
Ente Autore: Fakulta hospodárskej informatiky EU. Katedra aplikovanej informatiky
Altri autori: Rakovská, Eva, 1963-
Natura: Libro
Lingua:slovacco
Pubblicazione: Bratislava 2018
Tags: Aggiungi Tag
Nessun Tag, puoi essere il primo ad aggiungerne!!

MARC

LEADER 00000nbm a2200000 4500
001 0245230
005 20181016145158.2
041 0 |a slo 
044 |a SK 
245 1 0 |a Podpora zavedenia systémov manažérstva v podniku prostredníctvom informačného systému  |b diplomová práca  |c Peter Kokoška ; školiteľ: Eva Rakovská 
264 1 |a Bratislava  |c 2018 
300 |a 64 s. 
100 1 |a Kokoška, Peter 
700 1 |a Rakovská, Eva, 1963- 
710 2 |a Fakulta hospodárskej informatiky EU. Katedra aplikovanej informatiky